000 00613nam a2200229Ia 4500
003 OSt
005 20220918184006.0
006 a|||||r|||| 00| 0
007 ta
008 220917b |||||||| |||| 00| 0 eng d
024 _a43,509
037 _cTextual
040 _aARTS
_cARTS
_beng
041 _2eng
_aeng
082 _aO153,3N193x, 111L8
100 _aDuggal K S
245 0 _aCome back my master and other stories
260 _aN.D
_bVikas Pub House
_c1978
650 _aENGLISH LITERATURE
942 _hO153,3N193x, 111L8
_cTEXL
_2CC
999 _c174665
_d174665